| 000 | 00000nas 2200000zi 4500 |
| 001 | 9.891147 |
| 003 | CaOODSP |
| 005 | 20221107172810 |
| 006 | m o d f |
| 007 | cr ||||||||||| |
| 008 | 200902d18911922onctx p ow f0###a0eng|d |
| 022 | |l0384-2533 |
| 040 | |aCaOODSP|beng|erda|cCaOODSP |
| 043 | |an-cn--- |
| 086 | 1 |aJU1-2-1E-PDF |
| 110 | 1 |aCanada. |bExchequer Court, |eauthor, |eissuing body. |
| 245 | 10|aReports of the Exchequer Court of Canada. |
| 264 | 1|aOttawa : |bQueen's Printer, |c1891-1922. |
| 336 | |atext|btxt|2rdacontent |
| 337 | |acomputer|bc|2rdamedia |
| 338 | |aonline resource|bcr|2rdacarrier |
| 362 | 1 |aBegan with Volume 1 (1891); ceased with Volume 21 (1922). |
| 500 | |aReports cover 1876-1922. |
| 500 | |aImprint varies. |
| 500 | |aReporters: v. 1-15, Charles Morse; v. 19-21, A.W. Duclos. |
| 588 | |aDescription based on: 1891. |
| 588 | |aLatest issue consulted: 1920. |
| 650 | 0|aLaw reports, digests, etc.|zCanada. |
| 785 | 00|tCanada law reports / |w(CaOODSP)9.891140 |